|
|
|
|
| LEADER |
01208nam a2200325Ia 4500 |
| 001 |
EBC243065 |
| 003 |
MiAaPQ |
| 005 |
20200520144314.0 |
| 006 |
m o d | |
| 007 |
cr cn||||||||| |
| 008 |
030905s2004 nyu sb 001 0 eng d |
| 020 |
|
|
|z 0814472184
|
| 035 |
|
|
|a (MiAaPQ)EBC243065
|
| 035 |
|
|
|a (Au-PeEL)EBL243065
|
| 035 |
|
|
|a (CaPaEBR)ebr10052864
|
| 035 |
|
|
|a (OCoLC)935228167
|
| 040 |
|
|
|a MiAaPQ
|c MiAaPQ
|d MiAaPQ
|
| 050 |
|
4 |
|a HD2365
|b .L56 2004
|
| 082 |
0 |
4 |
|a 658.4/058
|2 22
|
| 100 |
1 |
|
|a Linder, Jane C.
|
| 245 |
1 |
0 |
|a Outsourcing for radical change
|h [electronic resource] :
|b a bold approach to enterprise transformation /
|c Jane C. Linder.
|
| 260 |
|
|
|a New York :
|b American Management Association,
|c 2004.
|
| 300 |
|
|
|a xviii, 270 p.
|
| 504 |
|
|
|a Includes bibliographical references and index.
|
| 533 |
|
|
|a Electronic reproduction. Ann Arbor, MI : ProQuest, 2015. Available via World Wide Web. Access may be limited to ProQuest affiliated libraries.
|
| 650 |
|
0 |
|a Contracting out.
|
| 650 |
|
0 |
|a Letting of contracts.
|
| 655 |
|
4 |
|a Electronic books.
|
| 710 |
2 |
|
|a ProQuest (Firm)
|
| 856 |
4 |
0 |
|u https://ebookcentral.proquest.com/lib/matrademy/detail.action?docID=243065
|z Click to View
|